Bharat Vibhajan Ki Kahani (Hindi) (Record no. 12878)

MARC details
000 -LEADER
fixed length control field 00354nam a22001457a 4500
003 - CONTROL NUMBER IDENTIFIER
control field OSt
008 - FIXED-LENGTH DATA ELEMENTS--GENERAL INFORMATION
fixed length control field 240830b |||||||| |||| 00| 0 eng d
020 ## - INTERNATIONAL STANDARD BOOK NUMBER
International Standard Book Number 9789354092268
082 ## - DEWEY DECIMAL CLASSIFICATION NUMBER
Classification number 954.04
Item number TAB
100 ## - MAIN ENTRY--PERSONAL NAME
Personal name TANVER, Raghuvendra
245 ## - TITLE STATEMENT
Title Bharat Vibhajan Ki Kahani (Hindi)
260 ## - PUBLICATION, DISTRIBUTION, ETC. (IMPRINT)
Place of publication, distribution, etc Delhi:
Name of publisher, distributor, etc MIABGI,
Date of publication, distribution, etc 2021.
300 ## - PHYSICAL DESCRIPTION
Extent 236p.
942 ## - ADDED ENTRY ELEMENTS (KOHA)
Source of classification or shelving scheme Dewey Decimal Classification
Koha item type Text Books
Holdings
Withdrawn status Lost status Source of classification or shelving scheme Damaged status Not for loan Collection code Home library Current library Date acquired Source of acquisition Currency Cost, normal purchase price Bill Number Total Checkouts Full call number Acc. no. / Barcode Date last seen Actual Cost, discounted price Bill Date Koha item type Checked out Date last borrowed
    Dewey Decimal Classification     IKS- Indian Knowledge System PIET C-LIBRARY PIET C-LIBRARY 30/08/2024 Zafaa Books and Distributors INR 475.00 ZBD0153   954.04 TAB 38428 30/08/2024 380.00 24/08/2024 Text Books    
    Dewey Decimal Classification     IKS- Indian Knowledge System PIET C-LIBRARY PIET C-LIBRARY 30/08/2024 Zafaa Books and Distributors INR 475.00 ZBD0153 1 954.04 TAB 38416 28/01/2025 380.00 24/08/2024 Text Books 18/08/2025 28/01/2025

Design & Developed by: PIET Central Library
R70 Miles Stone Pattikalyana Samalkha Panipat 132102
mail ID :- [email protected], Phone No:- 0180-2569700 Ex.216